MDQL
is popping MORE tags! Check the
thread
!
Quizzes
Events
Quiz Creation
Community
Videos
Private Events
Remove Ads
Sign In
Join for FREE
Feedback
Dark Mode
Quiz Categories
Sports
Geography
Music
Movies
Television
Just For Fun
Miscellaneous
History
Literature
Language
Science
Gaming
Entertainment
Religion
Holiday
For Kids
Quiz Lab
Recent
Popular Today
Quiz Kudos Today
Editor Picks
Curator Picks
Quizzes by...
Day
Popularity
Type
Ratings
Length
Year
Community
Subscriptions
Recent Discussions
Orange Saloon
Badges
Playlists
Quests
Create
Leaderboards
Showdown
Live 5
Trivia Bingo
Activity
Puzzle Library
Sporcle Events
Private Events
Virtual Trivia
Globe League
Become a Host
Pub Owners
SporcleCon
Opinionation
Our Games
Videos
Blog
Mobile Apps
Partnerships
Remove Ads and Go Orange
Feedback
Sports
Athletes
MLB
NBA
NHL
NFL
Soccer
Sports Teams
WWE
NCAA
Football
Premier League
Basketball
Baseball
Hockey
Golf
Tennis
Cricket
Rugby
Auto Racing
Olympics
World Cup
Sports
Athletes
MLB
NBA
NHL
NFL
Soccer
Sports Teams
WWE
NCAA
Football
Premier League
Basketball
Baseball
Hockey
Golf
Tennis
Cricket
Rugby
Auto Racing
Olympics
World Cup
Random Quiz
Search Sporcle
×
Quiz Lab
Quiz Lab
Sports
Performer
Type in answers that appear in a list
Type in answers that appear in a list
Classic
Best Score? Go Orange.
All-time WrestleMania Performers Part 5 Stats
Can you name the all the wrestlers from WrestleMania 21-XXVI?
By
Polandice
20m
191 Questions
483 Plays
483 Plays
483 Plays
Comments
Comments
Give Quiz Kudos
Give Quiz Kudos
-
- Ratings
hide this ad
Replay
Link that replays current quiz
Next Quiz
Link to next quiz in quiz playlist
You Got
0%
They Got
Avg Score
84%
Avg Friend Score
Upgrade to see
Score Distribution
Jump to the score distribution portion of the page
Score
0/191
Timer
20:00
0
Plays Today
Event
Wrestler
% Correct
Wrestlemania 21
Shawn Michaels
98.8%
Wrestlemania 22
Shawn Michaels
98.8%
Wrestlemania 23
Shawn Michaels
98.8%
Wrestlemania XXIV
Shawn Michaels
98.8%
Wrestlemania XXV
Shawn Michaels
98.8%
Wrestlemania XXVI
Shawn Michaels
98.8%
Wrestlemania 21
Edge
98.3%
Wrestlemania 22
Edge
98.3%
Wrestlemania 23
Edge
98.3%
Wrestlemania XXIV
Edge
98.3%
Wrestlemania XXV
Edge
98.3%
Wrestlemania XXVI
Edge
98.3%
Wrestlemania 21
Kane
98.1%
Wrestlemania 21
Undertaker
98.1%
Wrestlemania 21
Big Show
98.1%
Wrestlemania 22
Kane
98.1%
Wrestlemania 22
Big Show
98.1%
Wrestlemania 22
Undertaker
98.1%
Wrestlemania 23
Kane
98.1%
Wrestlemania 23
Undertaker
98.1%
Wrestlemania XXIV
Kane
98.1%
Wrestlemania XXIV
Big Show
98.1%
Wrestlemania XXIV
Undertaker
98.1%
Wrestlemania XXV
Kane
98.1%
Wrestlemania XXV
Undertaker
98.1%
Wrestlemania XXV
Big Show
98.1%
Wrestlemania XXVI
ShoMiz- Big Show
98.1%
Wrestlemania XXVI
Kane
98.1%
Wrestlemania XXVI
Undertaker
98.1%
Wrestlemania 21
John Cena
97.7%
Wrestlemania 21
Triple H
97.7%
Wrestlemania 22
John Cena
97.7%
Wrestlemania 22
Triple H
97.7%
Wrestlemania 23
John Cena
97.7%
Wrestlemania XXIV
John Cena
97.7%
Wrestlemania XXIV
Triple H
97.7%
Wrestlemania XXV
John Cena
97.7%
Wrestlemania XXV
Triple H
97.7%
Wrestlemania XXVI
Triple H
97.7%
Wrestlemania XXVI
John Cena
97.7%
Wrestlemania 21
Randy Orton
97.3%
Wrestlemania 22
Randy Orton
97.3%
Wrestlemania 23
Randy Orton
97.3%
Wrestlemania XXIV
Randy Orton
97.3%
Wrestlemania XXV
Randy Orton
97.3%
Wrestlemania XXVI
Randy Orton
97.3%
Wrestlemania 21
Chris Jericho
97.1%
Wrestlemania XXIV
Chris Jericho
97.1%
Wrestlemania XXV
Chris Jericho
96.7%
Wrestlemania XXVI
Chris Jericho
96.7%
Wrestlemania 21
Eddie Guerrero
95.9%
Wrestlemania XXIV
Chavo Guerrero
95.9%
Wrestlemania 21
Chris Benoit
94.4%
Wrestlemania 21
Batista
94.4%
Wrestlemania 22
Chris Benoit
94.4%
Wrestlemania 23
Chris Benoit
94.4%
Wrestlemania 23
Batista
94.4%
Wrestlemania XXIV
Batista
94.4%
Wrestlemania XXVI
Batista
94.4%
Wrestlemania 21
Rey Mysterio
94.2%
Wrestlemania 22
Rey Mysterio
94.2%
Wrestlemania XXV
Rey Mysterio
94.2%
Wrestlemania XXVI
Rey Mysterio
94.2%
Wrestlemania 21
Christian
93.8%
Event
Wrestler
% Correct
Wrestlemania XXV
Christian
93.8%
Wrestlemania XXVI
Christian
93.8%
Wrestlemania 21
Trish Stratus
93.6%
Wrestlemania 22
Trish Stratus
93.6%
Wrestlemania 23
CM Punk
93.6%
Wrestlemania XXIV
CM Punk
93.6%
Wrestlemania XXV
CM Punk
93.6%
Wrestlemania XXVI
Vickie Guerrero
93.6%
Wrestlemania 21
Kurt Angle
92.8%
Wrestlemania 22
Kurt Angle
92.8%
Wrestlemania 23
Jeff Hardy
92.3%
Wrestlemania XXV
Jeff Hardy
92.3%
Wrestlemania 22
Matt Hardy
92.1%
Wrestlemania 23
Matt Hardy
92.1%
Wrestlemania XXV
Matt Hardy
92.1%
Wrestlemania XXVI
Matt Hardy
92.1%
Wrestlemania 22
Vince McMahon
91.7%
Wrestlemania 23
Umaga
91.7%
Wrestlemania XXIV
Umaga
91.7%
Wrestlemania XXVI
CM Punk
91.7%
Wrestlemania XXVI
Vince McMahon
91.7%
Wrestlemania 22
Bobby Lashley
91.5%
Wrestlemania 23
Bobby Lashley
91.5%
Wrestlemania 23
Steve Austin
91.3%
Wrestlemania 21
JBL
91.1%
Wrestlemania 22
John Bradshaw Layfield
91.1%
Wrestlemania XXIV
John Bradshaw Layfield
91.1%
Wrestlemania XXV
John Bradshaw Layfield
91.1%
Wrestlemania 22
Ric Flair
90.9%
Wrestlemania XXIV
Ric Flair
90.9%
Wrestlemania 21
Shelton Benjamin
89.9%
Wrestlemania 22
Shelton Benjamin
89.9%
Wrestlemania 22
Mickie James
89.9%
Wrestlemania XXIV
Shelton Benjamin
89.9%
Wrestlemania XXV
Shelton Benjamin
89.9%
Wrestlemania XXV
Mickie James
89.9%
Wrestlemania XXVI
Shelton Benjamin
89.9%
Wrestlemania XXVI
Mickie James
89.9%
Wrestlemania 23
Finlay
89.4%
Wrestlemania XXIV
Finlay
89.4%
Wrestlemania XXV
Finlay
89.4%
Wrestlemania XXIV
John Morrison
89.2%
Wrestlemania XXVI
ShoMiz- Miz
89.2%
Wrestlemania XXVI
John Morrison
89.2%
Wrestlemania 22
Rob Van Dam
88.8%
Wrestlemania 23
ECW Originals- Rob Van Dam
88.8%
Wrestlemania 23
ECW Originals- Tommy Dreamer
85.1%
Wrestlemania XXIV
Beth Phoenix
84.9%
Wrestlemania XXV
Beth Phoenix
84.9%
Wrestlemania XXVI
Beth Phoenix
84.9%
Wrestlemania 23
ECW Originals- The Sandman
84.1%
Wrestlemania XXVI
Cody Rhodes
83.6%
Wrestlemania XXV
Ricky Steamboat
83.2%
Wrestlemania 22
Mark Henry
82.6%
Wrestlemania 23
ECW Originals- Sabu
82.6%
Wrestlemania XXV
Mark Henry
82.6%
Wrestlemania XXV
Michelle McCool
82.4%
Wrestlemania XXVI
Michelle McCool
82.4%
Wrestlemania 23
Montel Vontavious Porter
82.2%
Wrestlemania XXIV
Montel Vontavious Porter
82.2%
Wrestlemania XXV
Montel Vontavious Porter
82.2%
Wrestlemania XXVI
Ted DiBiase
82.2%
Wrestlemania XXVI
Montel Vontavious Porter
82.2%
Wrestlemania 22
Carlito
81.8%
Event
Wrestler
% Correct
Wrestlemania XXIV
Carlito
81.8%
Wrestlemania XXV
Layla
81.6%
Wrestlemania XXVI
Layla
81.6%
Wrestlemania XXV
Roddy Piper
81%
Wrestlemania 23
Melina
80.5%
Wrestlemania XXIV
Melina
80.5%
Wrestlemania XXV
Melina
80.5%
Wrestlemania 22
Torrie Wilson
80.1%
Wrestlemania XXV
Torrie Wilson
80.1%
Wrestlemania 22
Mick Foley
79.3%
Wrestlemania XXVI
Bret 'Hitman' Hart
79.1%
Wrestlemania XXV
Santina Marella
78.9%
Wrestlemania XXV
Jimmy Snuka
78.7%
Wrestlemania XXVI
Sheamus
77.4%
Wrestlemania 22
Booker T
77%
Wrestlemania 23
King Booker
77%
Wrestlemania 23
The New Breed-Elijah Burke
75.2%
Wrestlemania 23
Mr. Kennedy
74.3%
Wrestlemania XXIV
Mr. Kennedy
74.3%
Wrestlemania XXVI
R-Truth
74.3%
Wrestlemania XXVI
Jack Swagger
73.1%
Wrestlemania XXV
Kofi Kingston
72.7%
Wrestlemania XXVI
Kofi Kingston
72.7%
Wrestlemania 22
Chris Masters
71%
Wrestlemania 23
The Great Khali
70%
Wrestlemania 23
The New Breed- Kevin Thorn
70%
Wrestlemania 22
Candice Michelle
69.4%
Wrestlemania XXV
Victoria
69.4%
Wrestlemania XXV
Kelly Kelly
68.7%
Wrestlemania XXVI
Kelly Kelly
68.7%
Wrestlemania XXIV
Maria
67.3%
Wrestlemania XXV
Maria
67.3%
Wrestlemania 23
The New Breed- Marcus Cor Von
66.7%
Wrestlemania 23
Ashley
65.4%
Wrestlemania XXIV
Ashley
65.4%
Wrestlemania XXV
Molly Holly
65.4%
Wrestlemania 23
The New Breed- Matt Striker
65.2%
Wrestlemania 21
Christy Hemme
64.8%
Wrestlemania XXV
Sunny
64.6%
Wrestlemania 21
Akebono
63.6%
Wrestlemania XXV
Gail Kim
63.6%
Wrestlemania XXVI
Gail Kim
63.6%
Wrestlemania XXV
Alicia Fox
63.1%
Wrestlemania XXV
Brie Bella
63.1%
Wrestlemania XXV
Eve Torres
63.1%
Wrestlemania XXV
Nikki Bella
63.1%
Wrestlemania XXVI
Alicia Fox
63.1%
Wrestlemania XXVI
Eve Torres
63.1%
Wrestlemania XXV
Maryse
62.7%
Wrestlemania XXVI
Maryse
62.7%
Wrestlemania XXIV
Floyd Mayweather
60.5%
Wrestlemania 22
Boogeyman
59.8%
Wrestlemania XXVI
Evan Bourne
58.4%
Wrestlemania 22
Sharmell
58.2%
Wrestlemania XXVI
Dolph Ziggler
57.1%
Wrestlemania XXV
Jackie Gayda
54.7%
Wrestlemania XXVI
Drew McIntyre
54.7%
Wrestlemania XXV
Natalya
54.2%
Wrestlemania XXV
Jillian Hall
48.4%
Wrestlemania XXV
Rosa Mendes
39.5%
Wrestlemania XXV
Tiffany
39.5%
Wrestlemania XXV
Joy Giovanni
35.2%
Wrestlemania XXV
Katie Lea Burchill
30.6%
Quiz Playlist
Details
Report
Send in Message
Add To Playlist
Classic:
Type in answers that appear in a list
Last Updated: Feb 16, 2017
Quiz Scoreboard
CHALLENGE
Sign Up to Join the Scoreboard
Show All
Scores
Hide
Comments
May contain spoilers
Recently Published
1-10 Letter E Words III
by El_Dandy
Language
2m
Street Fighter Characters
by Artimus82
Gaming
60s
College Basketball Coaching Resumes
by pancakes188
Sports
9m
More to Explore
Quiz From the Vault
Featured Blog Post
Where Did the Easter Bunny Come From?
hide this ad
You Might Also Like...
Tags
Event
Matching
Performer
Wrestlemania
Wrestlers
Today's Top Quizzes in Sports
Browse Sports
hide this ad
Today's Top Quizzes in Performer
Browse Performer
Top Contributed Quizzes in Sports
1
2022 World Cup Stars
2
Les meilleurs buteurs des matchs entre le PSG et l’OM
3
FIFA Club World Cup Champions
4
Les entraîneurs de l'OM et du PSG au 21e siècle
5
Criteria MLB: Left Handed Sluggers
6
2023 MLB Unique Player Accomplishments
7
AFC Teams Reveal (Wrong Answers Minefield)
8
Players with Multiple 50 Home Run Seasons
9
5-to-1: FBS Animal Nicknames
10
5-to-1: UK Sports Teams
Explore More
Trending Topics
Disney
Anime
NBA
Kpop
Harry Potter
Crossword
Marvel
Pokémon
Song
NFL
Puzzle
Country
WWE
Soccer
The Office
hide this ad
More By:
Polandice
Quiz
Plays
Rating
Category
Featured
Created
2010 Top 25 WWE Matches
4,663
4.21
Sports
Dec 21, 2010
100 Best Beatles Songs
4,381
2.65
Music
Jan 22, 2010
100 Modern Movies to See Before you Die
1,652
2.70
Movies
Apr 15, 2010
The 198! Marvel Comics Remaining Mutants
1,186
3.00
Literature
Mar 22, 2010
All-time WrestleMania Performers Part 1
1,062
3.58
Sports
Mar 24, 2010
Go to Creator's Profile
Score Distribution
Quiz Creator Spotlight
Polandice
Follow
Send a Message
Quizzes Created
-
Created Quiz Play Count
-
More By This Creator
Popular Quizzes Today
1
Find the US States - No Outlines Minefield
2
Find the Countries of Europe - No Outlines Minefield
3
The Countries of the World
4
Find the US States
5
Risky Map Clicking: Biggest States A-Z
6
US States
7
Popular People in 1961
8
Movies - When Are They Set?
More Sports Quizzes
2010s Premier League Table - Top 20
Curator's Pick
Trending Quizzes
Risky Map Clicking: Least Populous States A-Z
Billboard Blitz: Aretha Franklin
Famous Russians: Author or Composer?
1-10 Letter G Words
Countries of the World: 200 Million BC
Recently Updated
Leaping Animals
pecheneg
Reality TV Shows (A-Z)
bhenderson79
Rickey Henderson's Hall of Fame Teammates
pecheneg
Champions League XIs: Arsenal
pecheneg
Quick Pick: Celebrities in WWE's Hall of Fame
aduchscher
A-Z Keypad Blitz II
pecheneg
Multiple Oscar Actors
pecheneg
Mystery Phrase Blitz: Oscar 'Best Actors'
pecheneg
F. Scott Fitzgerald Novels
LTH
Pick 3 Villains
ddd62291
Trending Topics
Crossword
Kpop
Marvel
Disney
Anime
Harry Potter
NBA
Pokémon
Puzzle
The Office
Song
Country
WWE
Soccer
NFL
Your Account Isn't Verified!
In order to create a playlist on Sporcle, you need to verify the email address you used during registration. Go to your
Sporcle Settings
to finish the process.
Report this User
Report this user for behavior that violates our
Community Guidelines
.
Details:
Send Report
Go to the Sporcle.com Mobile Site →
Comments